[Event "Chesscup Blitz 2020"]
[Site "Katowice"]
[Date "2020.09.12"]
[Round "12.10"]
[White "Barski, Radoslaw"]
[Black "Cap, Piotr"]
[Result "1-0"]
[WhiteElo "2446"]
[BlackElo "2010"]
[Annotator "TA"]
[PlyCount "63"]
[EventDate "2020.09.12"]
[EventType "swiss"]
[EventCountry "POL"]
[SourceTitle "playchess.com"]
[Source "ChessBase"]
[SourceQuality "1"]

{[%evp 11,63,29,41,32,46,43,32,32,51,37,45,39,123,41,31,35,43,36,46,12,56,4,95,31,43,23,24,20,78,61,168,168,167,176,207,212,208,200,234,223,224,143,209,220,244,233,276,205,279,241,431,259,29985,29986]} 1. d4 d6 2. e4 c6 3. Nc3 Qc7 4. Nf3 e5 5. Bc4 Be7 6. O-O Nf6 7. a4 {C27: Vienna Game: 2...Nf6 3 Bc4 Nxe4.} Bg4 8. dxe5 dxe5 9. h3 {White is slightly better.} Bh5 {[#]} 10. Qd3 $146 ({Predecessor:} 10. Qe2 Nbd7 11. Rd1 Nc5 12. b4 Bxf3 13. Qxf3 Ne6 14. Bxe6 fxe6 15. Rb1 O-O 16. Be3 {½-½ (80) Mateus,M (2189)-Melendez,G (1912) San Salvador 2008}) 10... O-O 11. Nh4 Bg6 {[#]} (11... Bc5 $14) 12. Qf3 (12. f4 $1 $16) 12... Nbd7 $14 13. Nxg6 hxg6 14. Qg3 Kh8 15. Bg5 Bb4 16. Rae1 ({Better is} 16. Rfd1 $14) 16... Bxc3 (16... a6 $11) 17. bxc3 ({White should try} 17. Qxc3 $16 a5 18. Bb3) 17... Nh5 18. Qh4 {[#] Hoping for g4.} Kg8 19. Be3 $36 {[%mdl 2048] White has the initiative.} Nf4 (19... Nb6 $11 {remains equal.} 20. Bb3 c5) 20. g3 g5 (20... Nh5 $14) 21. Qg4 $18 Nf6 22. Qf5 Ne6 23. Bxe6 fxe6 24. Qxe6+ Kh8 25. Bxg5 Nh7 26. Qg4 Qf7 (26... Nxg5 $16 {keeps fighting.} 27. Qxg5 Kg8) 27. h4 Qg6 28. Kg2 Rf7 29. Rd1 Raf8 30. f3 Nf6 $2 (30... Kg8 31. Rd3 c5) 31. Bxf6 gxf6 $2 (31... Qxf6 $18 32. Rd3 b6) 32. Qxg6 {Accuracy: White = 59%, Black = 40%.} 1-0

[Event "Chesscup Blitz 2020"]
[Site "Katowice"]
[Date "2020.09.12"]
[Round "13.1"]
[White "Klekowski, Maciej"]
[Black "Teclaf, Pawel"]
[Result "1/2-1/2"]
[WhiteElo "2511"]
[BlackElo "2464"]
[Annotator "TA"]
[PlyCount "130"]
[EventDate "2020.09.12"]
[EventType "swiss"]
[EventCountry "POL"]
[SourceTitle "playchess.com"]
[Source "ChessBase"]
[SourceQuality "1"]

{[%evp 10,130,7,7,6,12,14,12,21,18,18,18,21,18,20,20,23,20,29,28,65,54,60,60,60,60,60,59,59,51,56,54,53,50,65,65,65,64,64,64,61,21,78,78,81,55,55,55,55,55,94,101,98,99,103,35,35,35,112,112,112,112,112,112,112,66,543,33,722,717,653,706,695,689,652,615,672,0,8,0,647,632,496,8,437,8,8,8,8,0,8,8,8,8,8,8,8,8,8,0,0,0,0,0,0,0,0,0,0,0,0,0,0,0,0,0,0,0,0,0,0,-29990,-29991]} 1. c4 b6 2. Nc3 Bb7 3. d4 e6 4. Nf3 Bb4 5. Bd2 Nf6 6. g3 Nc6 {E21: Nimzo-Indian: 4 Nf3.} 7. a3 Bxc3 8. Bxc3 Ne4 {The position is equal.} 9. Qd3 Nxc3 10. Qxc3 {d5 is the strong threat.} Qf6 11. Rd1 Ne7 12. Bg2 c5 13. O-O {[#]} d6 $146 ({Predecessor:} 13... Rc8 14. Ne5 Bxg2 15. Kxg2 d6 16. Ng4 Qg6 17. Ne3 O-O 18. Qd3 Qh5 19. Rd2 Nc6 20. dxc5 dxc5 {½-½ (26) Pomar Salamanca,A-Vehi Bach,V (2355) Barcelona 1986}) 14. Qc2 cxd4 15. Nxd4 Bxg2 16. Qa4+ {[#]} Bc6 $1 {[%mdl 512]} 17. Nxc6 O-O 18. Nxe7+ Qxe7 19. Rd2 Rfd8 20. Rfd1 Rac8 21. Rd4 Rc7 22. Qb4 g6 23. b3 Rc5 24. e4 h5 25. Qd2 Rc6 {[#]} (25... b5 $11) 26. e5 $1 $16 {[%cal Rd4d6][%mdl 512]} d5 (26... dxe5 27. Rxd8+) 27. cxd5 Rxd5 28. Rxd5 exd5 29. Qxd5 {[%mdl 4096] Endgame KQR-KQR} Rc5 {[#]} 30. Qd8+ $1 Qxd8 31. Rxd8+ {KR-KR} Kg7 32. f4 ({White should play} 32. e6 $16 fxe6 33. Rd7+ Kf6 34. Rxa7) 32... Rc3 $14 33. Rd7 Kg8 ({Better is} 33... Rxb3 $14 34. e6 (34. Rxa7 Rb2 $16) 34... Kf6) 34. Rxa7 $16 Rxb3 35. Kg2 Rb2+ 36. Kh3 b5 37. Kh4 {Strongly threatening Kg5.} Rxh2+ 38. Kg5 {Threatens to win with Kf6.} Rc2 $2 {[%mdl 8192] [#]} (38... h4 $14 39. gxh4 Kg7) 39. e6 $1 $18 {[%mdl 512]} Rc5+ (39... fxe6 40. Kxg6) 40. Kh6 fxe6 41. Kxg6 {White threatens Ra8+ and mate.} Kf8 42. Kf6 {White wants to mate with Ra8+.} Kg8 43. Kg6 $2 (43. Rg7+ $18 Kf8 44. Rg5) 43... Kf8 $11 44. Kf6 $2 {[%mdl 8192]} (44. Ra5 $11) 44... Kg8 $18 45. Rg7+ Kf8 46. Rb7 $2 (46. Rg5 $18 Rc6 47. Rxb5 e5+ 48. Kxe5) 46... Ke8 $2 {[%mdl 8192] [#]} (46... Kg8 $11) 47. Kxe6 $2 (47. Re7+ $1 $18 Kd8 48. Rh7 (48. Kxe6 Rc3 $16)) 47... Rc6+ $11 48. Kf5 {next Kg5 is good for White.} Rc3 49. Ke6 {Threatening mate with Rb8+.} ({Don't take} 49. Rxb5 $6 Rxg3 50. a4 h4 $16) 49... Re3+ 50. Kf6 Rxg3 51. Rb8+ Kd7 52. Rxb5 h4 $1 53. Rh5 Rxa3 54. f5 Ra4 55. Kf7 Rf4 56. f6 Kd6 57. Rh8 {Black must now prevent Kg6.} Ke5 58. Rh5+ Kd6 $1 59. Rh8 {And now Kg6 would win.} Ke5 60. Re8+ Kf5 $1 61. Re3 Kg4 62. Kg7 h3 63. f7 Rxf7+ (63... h2 $5 64. Re1 $8 Kh3 $11) 64. Kxf7 h2 65. Rg3+ $2 {[%mdl 8192]} (65. Re1 $11) 65... Kxg3 {[%mdl 32768] Quite a comeback for Black. Accuracy: White = 78%, Black = 82%. . An unexpected result.} 1/2-1/2

[Event "Chesscup Blitz 2020"]
[Site "Katowice"]
[Date "2020.09.12"]
[Round "13.2"]
[White "Koziak, Vitali"]
[Black "Piorun, Kacper"]
[Result "1/2-1/2"]
[WhiteElo "2434"]
[BlackElo "2596"]
[Annotator "TA"]
[PlyCount "127"]
[EventDate "2020.09.12"]
[EventType "swiss"]
[EventCountry "POL"]
[SourceTitle "playchess.com"]
[Source "ChessBase"]
[SourceQuality "1"]

{[%evp 11,127,33,47,35,27,34,68,43,93,66,79,69,102,87,87,87,88,87,104,106,103,73,83,79,68,81,105,93,118,80,77,55,58,60,55,54,69,23,59,46,45,22,32,33,51,28,45,53,116,109,96,79,75,60,81,18,21,0,0,0,0,0,0,0,0,0,0,0,0,0,0,0,0,-13,0,0,0,0,0,0,0,0,0,0,0,0,0,0,0,0,0,0,0,0,0,0,0,0,0,0,0,0,0,0,0,0,0,0,0,0,0,0,0,0,0,0,0,0]} 1. d4 Nf6 2. c4 g6 3. Nf3 Bg7 4. g3 O-O 5. Bg2 d6 6. O-O Bf5 7. b3 {E60: King's Indian: Unusual lines and Fianchetto Variation without Nc3.} Nc6 8. Bb2 d5 9. Nbd2 {[#] White is slightly better.} Be6 $146 ({Predecessor:} 9... a6 10. cxd5 Nb4 11. Nh4 Bg4 12. h3 g5 13. hxg4 gxh4 14. gxh4 Nbxd5 15. g5 Ne8 {0-1 (36) Wagner,D (2318)-Orlov,A (2848) Playchess.com INT 2020}) 10. Ng5 Bc8 11. Rc1 h6 12. Ngf3 e6 13. Qc2 a5 14. a3 Re8 15. Rfd1 Bd7 16. e4 dxe4 17. Nxe4 Nxe4 18. Qxe4 Qc8 19. h4 Qd8 20. Ne5 Qe7 21. Nxd7 Qxd7 22. Rd3 Rab8 23. Rcd1 Ne7 24. Qf3 c6 25. Bc3 Qc7 26. Bd2 Rbd8 27. Bf4 Qc8 28. Be5 Nf5 29. Bh3 c5 (29... h5 $14) 30. Bxg7 $16 Kxg7 31. Bxf5 (31. dxc5 {seems wilder.} Rxd3 32. Qxd3 Qxc5 33. Qc3+ Kg8 34. b4) 31... exf5 32. dxc5 {[#] Hoping for Rxd8.} Rxd3 33. Qxd3 (33. Rxd3 $16 Qxc5 34. Qxb7) 33... Qxc5 $11 {The position is equal.} 34. Qd4+ Qxd4 35. Rxd4 {[%mdl 4096] Endgame KR-KR} Re1+ 36. Kg2 Rb1 37. Rd5 Rxb3 {Strongly threatening ...a4.} 38. Rxa5 b6 39. Rb5 Rxa3 40. Rxb6 Rc3 41. Rc6 h5 42. Kf1 Kf8 43. Ke2 Rc2+ 44. Ke3 Ke7 45. Rc7+ Ke6 46. f3 Rc3+ 47. Kf4 f6 48. Rc6+ Ke7 49. g4 fxg4 50. fxg4 hxg4 51. Kxg4 Rd3 52. Kf4 Rd4+ 53. Kg3 $1 Kf7 54. Kh3 f5 55. Kg3 Rg4+ 56. Kh3 Ke7 57. c5 Kd7 58. Rd6+ Kc7 59. h5 gxh5 60. Rh6 Rg5 {[#]} 61. Kh4 $1 {[%mdl 512]} Rg1 62. Rxh5 f4 {( -> ...Rh1+)} 63. Rf5 Kc6 64. Rxf4 {Accuracy: White = 89%, Black = 86%.} 1/2-1/2

[Event "Chesscup Blitz 2020"]
[Site "Katowice"]
[Date "2020.09.12"]
[Round "13.3"]
[White "Socko, Bartosz"]
[Black "Janik, Igor"]
[Result "1-0"]
[WhiteElo "2601"]
[BlackElo "2470"]
[Annotator "TA"]
[PlyCount "73"]
[EventDate "2020.09.12"]
[EventType "swiss"]
[EventCountry "POL"]
[SourceTitle "playchess.com"]
[Source "ChessBase"]
[SourceQuality "1"]

{[%evp 16,73,20,0,7,12,3,0,0,-39,-21,-33,-17,-45,-12,-10,-11,-21,-21,-22,-16,-28,-22,-14,0,0,0,0,1,0,0,0,0,0,62,52,116,120,216,111,139,111,213,127,215,223,207,191,308,275,393,385,386,367,568,500,683,681,685,675]} 1. g3 d5 2. Bg2 Nf6 3. Nf3 g6 4. O-O Bg7 5. d4 c6 6. Nbd2 O-O 7. c4 a5 {[%cal Ba7a5,Ba5a4][%mdl 32]} 8. b3 a4 9. Bb2 Bf5 {D78: Fianchetto Grünfeld: 6 0-0 c6.} 10. Nh4 Be6 11. Qc2 Nbd7 {The position is equal.} 12. e4 dxe4 13. Nxe4 Nxe4 14. Bxe4 {[#]} Bh3 $146 ({Predecessor:} 14... Qb6 15. d5 axb3 16. axb3 cxd5 17. Bxg7 Kxg7 18. cxd5 Bh3 19. Bg2 Bxg2 20. Nxg2 Rfc8 {0-1 (37) Eliseev,E (2401)-Kovchan,A (2593) Omelnyk 2017}) 15. Rfd1 Qc7 16. b4 a3 17. Bc3 Rfd8 18. Rab1 Nf6 19. Bg2 Be6 20. Ba1 Qc8 21. Rbc1 Bh6 22. Rb1 Bg5 {And now ...Bxh4 would win.} 23. Nf3 Bf5 24. Qe2 Bh6 (24... Bxb1 $11 25. Rxb1 Qf5) 25. Rb3 $14 Re8 ({Better is} 25... b5 $14) 26. Ne5 $16 Nd7 {[#]} (26... Ng4 $16 {might work better.}) 27. Ng4 (27. Nxf7 $1 $18 {[%mdl 512]} Kxf7 28. g4) 27... Bg7 {[#]} 28. Ne3 $1 {Strongly threatening g4.} Nb6 (28... Nf6 $16) 29. c5 ({White should try} 29. Nxf5 $18 gxf5 30. b5) 29... Nd5 (29... Be6 $16 {was worth a try.}) 30. Nxd5 $18 cxd5 31. Bxd5 Qd7 (31... Bg4 $142 32. Bf3 Bxf3 33. Qxf3 e6) 32. Bf3 {aiming for g4.} Qc7 (32... h5 $142 33. d5 Bxa1) 33. d5 Bxa1 34. Rxa1 Red8 (34... h5 $142 35. Re1 b6) 35. Re1 {White is clearly winning.} Re8 36. Re3 Qd7 37. g4 {Accuracy: White = 79%, Black = 45%.} 1-0

[Event "Chesscup Blitz 2020"]
[Site "Katowice"]
[Date "2020.09.12"]
[Round "13.4"]
[White "Barski, Radoslaw"]
[Black "Miton, Kamil"]
[Result "0-1"]
[WhiteElo "2446"]
[BlackElo "2590"]
[Annotator "TA"]
[PlyCount "73"]
[EventDate "2020.09.12"]
[EventType "swiss"]
[EventCountry "POL"]
[SourceTitle "playchess.com"]
[Source "ChessBase"]
[SourceQuality "1"]

{[%evp 10,73,34,1,3,0,0,-6,2,0,5,-1,5,-2,0,0,0,-13,-10,-33,-34,-37,-50,-43,-16,-53,-53,-53,-49,-53,-53,-49,-26,-27,-10,-10,0,-6,8,0,0,0,6,0,21,31,60,26,44,44,44,44,49,45,48,49,42,22,48,17,27,16,16,16,16,-10]} 1. d4 Nf6 2. c4 b6 3. Nc3 Bb7 4. Nf3 e6 5. Bg5 h6 6. Bh4 (6. Bxf6 $5 Qxf6 7. a3 $11) 6... Be7 {E12: Queen's Indian: Unusual White 4th moves, 4 a3, 4 Nc3 Bb7 5 a3 and 4 Nc3 Bb7 .} 7. Bxf6 Bxf6 8. e4 d6 9. Bd3 O-O 10. O-O Nd7 11. Qc2 {[#]} g6 $146 ({Predecessor:} 11... c5 12. d5 a6 13. Rae1 Qc7 14. h3 Rfe8 15. Nh2 Ne5 16. Be2 Ng6 17. f4 exd5 18. exd5 {0-1 (34) MacGregor,I (1817)-McGowan,D (2068) Grangemouth 2008}) 12. Rad1 Bg7 13. Ne2 e5 14. Qd2 exd4 15. Nfxd4 Re8 16. f3 Qg5 17. Qxg5 hxg5 18. Nb5 Rec8 19. Nbc3 Ne5 20. b3 a6 21. Nd5 Bxd5 (21... Kf8 {looks sharper.} 22. g3 Nd7 23. Kg2 a5 24. Bc2 Be5) 22. cxd5 b5 23. Nd4 Ng4 24. Nc2 Ne5 25. Be2 c5 26. dxc6 $1 Rxc6 27. Nb4 Rc3 28. Rc1 Rac8 29. Rxc3 Rxc3 30. Nxa6 Rc2 31. Bxb5 {Nb4 is the strong threat.} Rxa2 32. Rd1 Rb2 33. Ba4 Bf8 34. Nb4 d5 35. Nxd5 {[#] Hoping for Nf6+.} Bc5+ 36. Kh1 Nd3 {Threatens to win with ...Nf2+.} 37. Ra1 {[%mdl 32768] Accuracy: White = 87%, Black = 88%. . Loss on time!?} 0-1

[Event "Chesscup Blitz 2020"]
[Site "Katowice"]
[Date "2020.09.12"]
[Round "13.5"]
[White "Jakubowska, Anna"]
[Black "Krasenkow, Michal"]
[Result "0-1"]
[WhiteElo "2051"]
[BlackElo "2605"]
[Annotator "TA"]
[PlyCount "58"]
[EventDate "2020.09.12"]
[EventType "swiss"]
[EventCountry "POL"]
[SourceTitle "playchess.com"]
[Source "ChessBase"]
[SourceQuality "1"]

{[%evp 15,58,-10,-6,-10,17,-32,-32,-46,-40,-54,-47,-117,-122,-134,-21,-17,17,-10,7,-33,-18,-112,-62,-154,-127,-133,-129,-145,-139,-275,-279,-276,-270,-621,-620,-627,-627,-901,-898,-855,-724,-917,-910,-1146,-1134]} 1. e4 d6 2. d4 Nf6 3. Nc3 c6 4. g3 e5 5. Nge2 Nbd7 6. Bg2 Be7 7. O-O O-O 8. h3 b5 {[%cal Bb7b5,Bb5b4][%mdl 32]} 9. a3 {B07: Pirc Defence: Miscellaneous Systems.} Bb7 10. Kh2 a5 11. f4 {Black is slightly better.} b4 12. Na4 {[#]} exd4 $146 ({Predecessor:} 12... Ba6 13. Re1 c5 14. dxc5 dxc5 15. b3 Qc7 16. c4 Bb7 17. Qc2 Bc6 18. Nb2 Qb7 19. fxe5 Nxe5 {1-0 (55) Kolar,S (2139)-Biti,O (2384) Ptuj 2008}) 13. Qxd4 (13. Nxd4 $15 c5 14. Nf5 Nxe4 15. Qd3) 13... c5 $17 14. Qe3 {Black should prevent e5.} d5 (14... Re8 $17 {Threatens to win with ...Qc7.} 15. g4 Bf8) 15. e5 $11 d4 16. Qg1 Ne4 $36 {[%mdl 2048] White is under pressure.} 17. b3 f5 18. exf6 (18. Bf3 $11 {keeps the balance.}) 18... Ndxf6 (18... Rxf6 19. Qh1 $16) ({Don't do} 18... gxf6 19. f5 $15) 19. Bb2 (19. Bf3 $15) 19... Bd5 20. Rad1 Qc7 21. axb4 axb4 22. Nxd4 (22. Bf3 $17) 22... cxd4 $19 23. Bxd4 Qxc2 24. Bxf6 $2 {[#]} (24. Nb6 Ra2 25. Nxd5 Nxd5 26. Ra1) 24... Nxf6 {Black is clearly winning.} ({Weaker is} 24... Rxf6 25. Rxd5 Nxg3 26. Rf2 $16) 25. Rf2 Qxb3 26. Nb6 {[%cal Rb6d5]} Bxg2 27. Rxg2 Ra2 28. Re1 Rxg2+ {[%mdl 64] [#] Overworked Piece} 29. Qxg2 Bc5 {Accuracy: White = 35%, Black = 67%.} 0-1

[Event "Chesscup Blitz 2020"]
[Site "Katowice"]
[Date "2020.09.12"]
[Round "13.6"]
[White "Jakubowski, Krzysztof"]
[Black "Socko, Monika"]
[Result "1-0"]
[WhiteElo "2481"]
[BlackElo "2289"]
[Annotator "TA"]
[PlyCount "81"]
[EventDate "2020.09.12"]
[EventType "swiss"]
[EventCountry "POL"]
[SourceTitle "playchess.com"]
[Source "ChessBase"]
[SourceQuality "1"]

{[%evp 10,81,22,22,45,48,54,36,52,48,54,46,45,41,51,35,36,34,34,34,37,28,34,33,62,45,61,33,41,31,24,43,39,37,46,31,43,39,39,35,33,-55,-46,-43,-38,-43,-66,-108,-104,-364,-256,-372,-372,-366,9,0,0,0,23,18,24,20,27,0,0,0,4922,4922,29994,29995,29995,29996,29996,671]} 1. e4 c6 2. d4 d5 3. exd5 cxd5 4. Bd3 Nc6 5. c3 g6 6. Nf3 {[#]} Bh6 $146 {B13: Caro-Kann: Exchange Variation and Panov-Botvinnik Attack.} ({Predecessor:} 6... Bf5 7. Bxf5 gxf5 8. Bg5 Qc7 9. O-O e6 10. Re1 Be7 11. c4 dxc4 12. d5 O-O-O 13. Nc3 Nf6 14. Qa4 Nxd5 15. Nxd5 Rxd5 16. Bxe7 Qxe7 17. Qxc4 {0-1 (33) Dominguez Perez,L (2758)-Kobalia,M (2609) Moscow 2019}) 7. O-O Bg4 8. Nbd2 Nf6 {White is slightly better.} 9. h3 Bxf3 10. Nxf3 Bxc1 11. Qxc1 O-O 12. Re1 Kg7 13. Qf4 e6 14. Re2 Rc8 15. Rae1 Nh5 16. Qe3 Qd6 17. g3 a6 18. Nh2 Nf6 19. Ng4 {Qh6+ would kill now.} Nxg4 20. hxg4 Rce8 21. f4 f6 22. Rh2 Re7 23. Kg2 Kg8 24. Reh1 Rg7 25. g5 (25. Rh6 $14) 25... fxg5 $15 26. fxg5 e5 27. dxe5 Nxe5 {White must now prevent ...Rf3.} 28. Be2 Re7 {Hoping for ...Nc4!} 29. Qd2 $2 {[%mdl 8192]} (29. Qd4 $17) 29... Ref7 {aiming for ...Rf2+.} ({Less strong is} 29... Qc5 30. Qd4 $17) 30. Rf1 (30. Qe3 {was necessary.}) 30... Rxf1 $19 31. Bxf1 Nc6 $2 {[#]} (31... Ng4 $19 32. Qe2 Nxh2 33. Kxh2 Rf5) 32. Bc4 $1 {[%mdl 512]} Rd8 (32... dxc4 33. Qxd6) 33. Bb3 Qe5 34. Rh4 Kg7 35. Rf4 Rd7 36. Rf3 d4 37. Qf2 {Threatening mate with Rf7+.} Qxg5 $2 {[%mdl 8192]} (37... Qe4 $11 38. Kg1 Ne5) 38. Rf7+ $18 Rxf7 39. Qxf7+ {[%mdl 64] [#] Double Attack. White mates.} Kh6 40. Qf8+ Kh5 41. Bd1+ {Never resign too early! Accuracy: White = 65%, Black = 75%.} 1-0

[Event "Chesscup Blitz 2020"]
[Site "Katowice"]
[Date "2020.09.12"]
[Round "13.7"]
[White "Flak, Pawel"]
[Black "Golubka, Petro"]
[Result "0-1"]
[WhiteElo "2157"]
[BlackElo "2488"]
[Annotator "TA"]
[PlyCount "94"]
[EventDate "2020.09.12"]
[EventType "swiss"]
[EventCountry "POL"]
[SourceTitle "playchess.com"]
[Source "ChessBase"]
[SourceQuality "1"]

{[%evp 9,94,31,43,-10,-3,-11,9,0,0,0,17,9,37,0,44,28,111,95,92,13,33,-20,-16,-120,-102,-239,-65,-704,-701,-778,-783,-987,-365,-387,-415,-466,-465,-500,-477,-553,0,-879,-504,-467,-343,-332,-327,-406,-299,-447,-441,-485,-485,-587,-606,-709,-629,-1235,-827,-819,-808,-804,-792,-1384,-1375,-1235,-877,-1453,-987,-1260,-1235,-1436,-1437,-1372,-1280,-1433,-1367,-1708,-1707,-29982,-29983,-29987,-29987,-29990,-29988,-29988,-29989]} 1. d4 b5 2. a4 b4 3. c4 bxc3 4. Nxc3 {[#]} d5 $146 ({Predecessor:} 4... Bb7 5. e4 e6 6. Nf3 Nf6 7. Bd3 c5 8. O-O Be7 9. Qc2 cxd4 10. Nxd4 Nc6 11. Nxc6 Bxc6 {½-½ (48) Guillaumat,J (1826)-David,B (1820) Vaujany 2014}) 5. e4 e6 6. Bb5+ {A40: Unusual replies to 1 d4.} ({Better is} 6. Nf3 $14) 6... c6 $11 7. Bd3 Nf6 8. Nf3 {The position is equal.} Ba6 9. O-O Be7 10. Re1 O-O 11. Bf4 Qa5 12. Bb1 Nbd7 (12... Rc8 $11) 13. e5 $1 $16 {[%cal Re5f6]} Ne8 14. Qc2 (14. Ng5 $16 g6 15. Nxh7 $1 {[%mdl 512]}) 14... g6 $11 15. h4 (15. Na2 $14) 15... Ng7 16. g4 (16. Bd2 $11 {remains equal.} Qb6 17. a5) 16... f5 $17 17. exf6 (17. g5 $17) 17... Nxf6 $2 ({Black should try} 17... Rxf6 $19 18. Bg5 Rxf3 19. Bxe7 Qc7) 18. Bg5 $2 {[%mdl 8192]} (18. Ne5 $15 Qb6 19. Be3) 18... Nxg4 $19 {[%mdl 64] Discovered Attack} 19. Bxe7 Rxf3 20. Qd1 {[#]} Rf7 $2 (20... Qc7 $1 {[%csl Gg4][%cal Rc7h2][%mdl 512]} 21. Re5 Nxe5 22. dxe5 {[#]} Rxf2 $1 {[%mdl 512]} 23. Kxf2 Qxe7) 21. Qxg4 {aiming for Ba3.} Rxe7 22. Bc2 Rf8 23. Re3 Qb4 24. Rb1 c5 $2 (24... Ref7 $19 25. Bd3 Bxd3 26. Rxd3 Rxf2) 25. Ne2 $2 {[%mdl 8192]} (25. Nxd5 $11 exd5 26. Rxe7) 25... Bxe2 26. Rxe2 Qxd4 27. Qxd4 cxd4 28. Rd1 Rb8 29. b3 (29. Rxd4 {was necessary.} Rxb2 30. Kf1) 29... Rb4 30. Kg2 Kf7 31. Kf3 e5 32. Rde1 Kf6 33. Kg4 h5+ 34. Kh3 e4 35. Bd1 Nf5 36. Rg1 d3 37. Rd2 a5 38. f3 Rg7 39. fxe4 dxe4 40. Re1 Re7 41. Kg2 Nxh4+ 42. Kf2 Nf5 {Hoping for ...e3+.} 43. Kg2 Rd4 44. Kf1 e3 {Black mates.} 45. Rb2 e2+ 46. Bxe2 dxe2+ 47. Rbxe2 Ng3+ {[%mdl 64] Double Attack. Accuracy: White = 25%, Black = 55%.} 0-1

[Event "Chesscup Blitz 2020"]
[Site "Katowice"]
[Date "2020.09.12"]
[Round "13.8"]
[White "Sztwiertnia, Jan Krzysztof"]
[Black "Sadzikowski, Daniel"]
[Result "1/2-1/2"]
[WhiteElo "2113"]
[BlackElo "2413"]
[Annotator "TA"]
[PlyCount "115"]
[EventDate "2020.09.12"]
[EventType "swiss"]
[EventCountry "POL"]
[SourceTitle "playchess.com"]
[Source "ChessBase"]
[SourceQuality "1"]

{[%evp 19,115,4,9,0,0,-22,0,-25,-35,-23,-27,-42,-25,-28,-28,-36,-34,-39,-40,-38,-26,-26,-24,-23,-17,-156,-33,-26,-27,-24,0,0,0,0,0,0,0,0,0,-8,0,0,0,0,0,0,0,0,0,0,0,0,0,0,0,0,0,0,0,0,0,0,0,0,0,0,0,0,0,0,0,0,0,0,0,0,0,0,0,0,0,0,0,0,0,0,0,0,0,0,29989,0,0,0,0,0,0,0]} 1. e4 c5 2. c3 d5 3. exd5 Qxd5 4. d4 Nf6 5. Nf3 e6 6. Be2 cxd4 7. cxd4 Nc6 8. O-O Be7 9. Nc3 Qd6 10. Bg5 O-O 11. Bxf6 {B22: Sicilian: 2 c3.} Bxf6 12. Ne4 Qe7 13. Bb5 Bd7 14. Nxf6+ Qxf6 15. d5 exd5 16. Qxd5 Rad8 {[#]} 17. Bxc6 $146 ({Predecessor:} 17. Rad1 Bg4 18. Qe4 Bxf3 19. Qxf3 Qxf3 20. gxf3 Nd4 21. Bc4 Nxf3+ 22. Kg2 Ne5 23. Be2 Rfe8 24. Bb5 Rxd1 25. Rxd1 {½-½ (29) Molina,V (773)-Raines,D (999) LSS email 2013}) 17... Bxc6 {[%mdl 64] Pin} 18. Qe5 Qg6 {Hoping for ...Bxf3.} 19. Qg3 Qxg3 20. fxg3 f6 21. Rad1 Rfe8 22. Rfe1 (22. Rxd8 $11 Rxd8 23. Kf2) 22... Rxe1+ ({Black should try} 22... Rxd1 $17 23. Rxd1 Re2) 23. Rxe1 $17 {[%mdl 4096] Endgame KRB-KRN} Kf7 24. Kf2 Bxf3 25. gxf3 $11 {KR-KR} Rd2+ 26. Re2 Rxe2+ 27. Kxe2 {KP-KP} Ke6 28. Ke3 Kd5 29. Kd3 h5 30. f4 a5 31. a4 Kc5 {White must now prevent ...Kb4.} 32. Kc3 g5 33. fxg5 fxg5 34. h3 b6 35. b3 b5 36. axb5 Kxb5 {K3P-K3P} 37. h4 g4 38. Kd3 Kb4 39. Kc2 Kc5 40. Kc3 Kb5 41. Kd3 Kb4 42. Kc2 Kc5 43. Kc3 Kb5 44. Kd3 Kb4 45. Kc2 Ka3 {aiming for ...Ka2.} 46. Kc3 Ka2 $1 {[%cal Ra2b1]} 47. Kc2 $1 Ka3 {Strongly threatening ...Ka2.} (47... Ka1 $5 48. Kc1 $8 Ka2 $11) 48. Kc3 Ka2 $1 {[%cal Ra2b1]} 49. Kc2 $1 Ka3 {Threatens to win with ...Ka2.} (49... Ka1 $5 50. Kc1 $8 Ka2 51. Kc2 $11) 50. Kc3 Ka2 $1 {[%cal Ra2b1]} 51. Kc2 $1 Ka1 (51... Ka3 $5 52. Kc3 $8 $11) 52. Kc1 $1 Ka2 53. Kc2 Ka3 {And now ...Ka2 would win.} (53... Ka1 $5 54. Kc1 $8 Ka2 55. Kc2 $11) 54. Kc3 a4 $2 {[%mdl 8192] [#]} (54... Ka2 $11 55. Kc2) 55. bxa4 $2 (55. b4 $1 {mates} Ka2 56. b5 Kb1 57. b6 Kc1 58. b7 Kd1 59. b8=Q Ke2 {[#]} 60. Qe8+ $1 {[%mdl 512]} Kf3 61. Qxh5) 55... Kxa4 {The position is equal.} 56. Kc4 Ka3 {( -> ...Kb2)} 57. Kc3 Ka4 58. Kc4 {Accuracy: White = 87%, Black = 91%.} 1/2-1/2

[Event "Chesscup Blitz 2020"]
[Site "Katowice"]
[Date "2020.09.12"]
[Round "13.9"]
[White "Nasuta, Grzegorz"]
[Black "Zgadzaj, Rafal"]
[Result "1-0"]
[WhiteElo "2553"]
[BlackElo "2083"]
[Annotator "TA"]
[PlyCount "49"]
[EventDate "2020.09.12"]
[EventType "swiss"]
[EventCountry "POL"]
[SourceTitle "playchess.com"]
[Source "ChessBase"]
[SourceQuality "1"]

{[%evp 12,49,39,33,60,41,29,13,28,27,23,24,29,35,34,24,22,20,26,21,45,23,25,16,73,67,127,122,91,38,86,60,227,228,300,299,403,391,29995,1459]} 1. e4 d6 2. d4 Nf6 3. Nc3 g6 4. Nf3 Bg7 5. Be3 O-O 6. Qd2 c6 7. Bh6 Qc7 {B08: Pirc Defence: Classical System.} 8. Bxg7 Kxg7 9. e5 $5 {[%mdl 4] [#] Exploring less charted territory.} Nd5 $146 {The position is equal.} ({Predecessor:} 9... dxe5 10. dxe5 Nd5 11. Ne4 Bf5 12. Ng3 Be6 13. c4 Nb6 14. Qf4 c5 15. h4 Nc6 {1-0 (45) Del Rio de Angelis,S (2467)-Nunes,A Loures 2000}) 10. O-O-O Bg4 11. Be2 Nd7 12. exd6 Qxd6 13. h3 $36 {[%mdl 2048] White is pushing.} Bxf3 14. Bxf3 N7f6 15. Nxd5 cxd5 16. Kb1 b5 17. g4 Rac8 (17... h6 $11) 18. h4 $16 Ne4 (18... h6 $14) 19. Bxe4 dxe4 20. Qe3 (20. h5 $16) 20... Qe6 21. h5 gxh5 $2 {[#] A mistake that costs the game.} ({Black should play} 21... Qxg4 $14 22. hxg6 hxg6) 22. Rxh5 $18 h6 23. Rdh1 {[%cal Rh5h6]} Rh8 24. g5 hxg5 $2 (24... Rh7 $18 25. gxh6+ Kh8 26. Rxb5 Qg4) 25. Rxg5+ {Accuracy: White = 89%, Black = 19%.} (25. Qxg5+ $142 Qg6 26. Qe5+ Kf8 27. Rxh8+ Qg8 28. Rxg8+ {[%mdl 64] Back Rank} Kxg8 29. Rh8#) 1-0